Úloha Malého Dunaja vo vodnom hospodárstve Podunajskej nížiny

Bibliographic Details
Main Author: Kowalski, Jaroslav (Author)
Format: Article
Language:Slovak

MARC

LEADER 00000nab a2200000ua 4500
001 vtls010814491
003 SK-MaSNL
005 20260303114709.0
008 230127s1956 xo |||||||||||||||||slo|
035 |a (urnnbn)urn:nbn:sk:snk:ar-a04i59 
035 |a urn:nbn:sk:snk-ab5jbg 
035 |a (uuid)3fb7dacb-63d8-4c09-b818-d217de6ffd12 
040 |a SNKBUCL  |b slo  |c SNKBUCL  |e AACR2 
041 0 |a slo 
044 |a xo  |c SK 
100 1 |a Kowalski, Jaroslav  |4 aut  |9 1129568 
245 1 0 |a Úloha Malého Dunaja vo vodnom hospodárstve Podunajskej nížiny  |c Jaroslav Kowalski 
773 0 |t Naša veda : časopis SAV  |g Roč. 3, č. 11 (1956), s. 485-495 
954 |a odborná, vedecká literatúra pôvodná (slovenská)  |2 lita 
958 |a OND 
958 |a EUIPO 
958 |a article5 
999 |c 1899708  |d 1901638